| 000 | 00837nam a2200241 a 4500 | ||
|---|---|---|---|
| 005 | 20221014063438.0 | ||
| 008 | 020116s1998 r 000 0 eng d | ||
| 020 | _a8449305411 | ||
| 035 | _aUPN01000114628 | ||
| 049 | _aCG | ||
| 050 | 4 |
_aBD175 _bP6.78 |
|
| 100 | 1 |
_aPotter, Jonathan, _d1956- |
|
| 245 | 1 | 3 |
_aLa representación de la realidad : _bdiscurso, retórica y construcción social / _cJonathan Potter ; tr. Genis Sánchez Barberán. |
| 260 |
_aBarcelona, ( Esp.): _bPaidós, _c1998. |
||
| 300 | _a319 p. | ||
| 440 | 0 |
_aTemas de psicología ; _v4 |
|
| 590 | _a(También localizas un ejemplar en el "Area de Reserva") | ||
| 590 | _aBibliografía Básica (BGTQ) | ||
| 650 | 7 |
_aSociología del conocimiento _2 _94897 |
|
| 650 | 4 |
_aEPISTEMOLOGIA SOCIAL _99037 |
|
| 650 | 4 |
_aCONSTRUCTIVISMO (PSICOLOGIA) _910399 |
|
| 905 | _aLibro | ||
| 999 |
_c88529 _d88529 |
||